| 000 | 00572 a2200145 4500 | ||
|---|---|---|---|
| 082 | _a- | ||
| 100 |
_aKamran Gul _993380 |
||
| 245 |
_aElectronic car parking system _cKamran Gul, Mahlab Basheer & Ahsan Safdar |
||
| 260 |
_aIslamabad : _bNUST School of Electrical Engineering & Computer Science, _c2009. |
||
| 300 |
_aviii, 73 p. : _b ill. ; _c27 cm. + _eCD-ROM |
||
| 500 | _aSupervisors : Mr. Hassan Aqeel, Mr. Mujtaba Haider. | ||
| 700 |
_aMahlab Basheer & Ahsan Safdar _993381 |
||
| 856 | _uhttp://10.250.8.41:8080/xmlui/handle/123456789/29511 | ||
| 942 |
_cPR _kBICSE-3 KAM _2ddc |
||
| 999 |
_c9976 _d9976 |
||